[Event "Montreal Mercredi 01"]
[Site "Montreal CAN"]
[Date "2007.01.17"]
[Round "2"]
[White "Gadbois, Patrick"]
[Black "Forget, Luc"]
[Result "1/2-1/2"]
[WhiteElo "1916"]
[BlackElo "1943"]
[PlyCount "129"]
[GameId "2160767910735210"]
[EventDate "2007.01.10"]
[EventType "swiss"]
[EventRounds "5"]
[EventCountry "CAN"]
[SourceTitle "EXT 2022"]
[Source "ChessBase"]
[SourceDate "2021.10.06"]
[SourceVersion "1"]
[SourceVersionDate "2021.10.06"]
[SourceQuality "1"]

1. d4 Nf6 2. Nf3 e6 3. e3 c5 4. Bd3 Nc6 5. O-O b6 6. c4 Bb7 7. b3 d6 8. Bb2 Be7 9. Nbd2 O-O 10. a3 Qc7 11. Qc2 e5 12. d5 Nb8 13. Rad1 Bc8 14. Ng5 g6 15. f4 Ng4 16. Rde1 f5 17. h3 Nh6 18. e4 exf4 19. Ne6 Bxe6 20. dxe6 Nc6 21. exf5 Nxf5 22. Nf3 Rae8 23. Be4 Bf6 24. Bxf5 gxf5 25. Bc1 Be5 26. Qd3 Kh8 27. Nxe5 dxe5 28. Qd7 Qxd7 29. exd7 Re7 30. Bxf4 exf4 31. Rxe7 Nxe7 32. Re1 Nc6 33. Re8 Kg7 34. Rc8 Nd8 35. b4 Kf7 36. bxc5 bxc5 37. Rxc5 Ke7 38. Rc7 a5 39. c5 Rf6 40. Ra7 Nc6 41. Rc7 Kd8 42. Rb7 Ne5 43. Ra7 Rc6 44. Rxa5 Nxd7 45. Ra4 Rxc5 46. Rxf4 Ke7 47. g4 Ke6 48. gxf5+ Rxf5 49. Rh4 h5 50. Rb4 Rf3 51. Rh4 Nf6 52. a4 Kf5 53. Kg2 Rf4 54. Rxf4+ Kxf4 55. a5 h4 56. a6 Nd5 57. a7 Nc7 58. Kf2 Na8 59. Kg2 Ke3 60. Kh1 Kf3 61. Kh2 Kf2 62. Kh1 Kg3 63. Kg1 Kxh3 64. Kh1 Kg3 65. Kg1 1/2-1/2

[Event "Montreal Mercredi 01"]
[Site "Montreal CAN"]
[Date "2007.01.17"]
[Round "2"]
[White "Gauthier, Luc"]
[Black "Millette, Sylvain"]
[Result "1/2-1/2"]
[WhiteElo "1684"]
[BlackElo "1586"]
[PlyCount "45"]
[GameId "2160767910735211"]
[EventDate "2007.01.10"]
[EventType "swiss"]
[EventRounds "5"]
[EventCountry "CAN"]
[SourceTitle "EXT 2022"]
[Source "ChessBase"]
[SourceDate "2021.10.06"]
[SourceVersion "1"]
[SourceVersionDate "2021.10.06"]
[SourceQuality "1"]

1. e4 Nf6 2. e5 Nd5 3. Nc3 e6 4. Nf3 b6 5. d4 Nxc3 6. bxc3 Bb7 7. Bd3 d6 8. Ba3 Be7 9. exd6 cxd6 10. Qe2 Nd7 11. O-O Bxf3 12. Qxf3 Nf6 13. Bb5+ Nd7 14. Qb7 Rc8 15. Qxa7 Rxc3 16. Qa4 Rc7 17. Rab1 Qb8 18. Bxd7+ Rxd7 19. Qc6 Qc7 20. Rxb6 Qxc6 21. Rxc6 d5 22. Bxe7 Kxe7 23. a4 1/2-1/2

[Event "Montreal Mercredi 01"]
[Site "Montreal CAN"]
[Date "2007.01.17"]
[Round "2"]
[White "Gauthier, Luc"]
[Black "Millette, Sylvain"]
[Result "1/2-1/2"]
[WhiteElo "1661"]
[BlackElo "1586"]
[PlyCount "58"]
[GameId "2160767910735212"]
[EventDate "2007.01.10"]
[EventType "swiss"]
[EventRounds "5"]
[EventCountry "CAN"]
[SourceTitle "EXT 2022"]
[Source "ChessBase"]
[SourceDate "2021.10.06"]
[SourceVersion "1"]
[SourceVersionDate "2021.10.06"]
[SourceQuality "1"]

1. e4 Nf6 2. e5 Nd5 3. d4 d6 4. Nf3 Bg4 5. Be2 c6 6. c4 Nb6 7. exd6 Bxf3 8. Bxf3 Nxc4 9. dxe7 Bxe7 10. O-O O-O 11. Re1 Nb6 12. Nc3 Bf6 13. Be3 Na6 14. Ne4 Nc7 15. Nc5 Rb8 16. Bf4 Nc4 17. Rc1 Nd6 18. Bxd6 Qxd6 19. Nxb7 Rxb7 20. Rxc6 Qxd4 21. Qxd4 Bxd4 22. Rc4 Bxf2+ 23. Kxf2 Rxb2+ 24. Re2 Rxe2+ 25. Kxe2 Ne6 26. Ra4 g6 27. Rxa7 Nd4+ 28. Ke3 Nxf3 29. Kxf3 Re8 1/2-1/2

[Event "Montreal Mercredi 01"]
[Site "Montreal CAN"]
[Date "2007.01.17"]
[Round "2"]
[White "Landry, Martin"]
[Black "Sonn, Eric"]
[Result "0-1"]
[WhiteElo "1555"]
[BlackElo "1534"]
[PlyCount "102"]
[GameId "2160767910735213"]
[EventDate "2007.01.10"]
[EventType "swiss"]
[EventRounds "5"]
[EventCountry "CAN"]
[SourceTitle "EXT 2022"]
[Source "ChessBase"]
[SourceDate "2021.10.06"]
[SourceVersion "1"]
[SourceVersionDate "2021.10.06"]
[SourceQuality "1"]

1. d4 Nf6 2. c4 g6 3. Nc3 d5 4. cxd5 Nxd5 5. e4 Nxc3 6. bxc3 Bg7 7. Bc4 O-O 8. Ne2 c5 9. O-O cxd4 10. cxd4 Nc6 11. Be3 a6 12. Qd2 b5 13. Bd5 Bb7 14. Rac1 Na5 15. Bxb7 Nxb7 16. Rfd1 Nd6 17. Qd3 Nc4 18. Rc2 Qd7 19. Bc1 f5 20. e5 Rfd8 21. Qh3 Bxe5 22. d5 e6 23. Bg5 Re8 24. Nf4 exd5 25. Nxd5 Qf7 26. Ne3 Rac8 27. Qf3 Nxe3 28. Rxc8 Rxc8 29. Qxe3 Re8 30. Qa3 Qb7 31. Qb3+ Qf7 32. Qa3 Ra8 33. Qc5 Re8 34. Qa3 Qe6 35. Qa5 Bc7 36. Qd2 Qe5 37. g3 Qe6 38. Rc1 Bb6 39. Qc3 Qxa2 40. Bh6 Bxf2+ 41. Kg2 Be1+ 42. Rc2 Bxc3 43. Rxa2 Ra8 44. Kf3 b4 45. Ke2 a5 46. Kd3 a4 47. Be3 Kf7 48. Bc5 a3 49. Kc4 Rb8 50. Kb3 Ke6 51. Re2+ Kd5 0-1

[Event "Montreal Mercredi 01"]
[Site "Montreal CAN"]
[Date "2007.01.17"]
[Round "2"]
[White "Leitch, Darcy"]
[Black "Savard, Alain"]
[Result "1-0"]
[WhiteElo "1620"]
[BlackElo "1559"]
[PlyCount "72"]
[GameId "2160767910735214"]
[EventDate "2007.01.10"]
[EventType "swiss"]
[EventRounds "5"]
[EventCountry "CAN"]
[SourceTitle "EXT 2022"]
[Source "ChessBase"]
[SourceDate "2021.10.06"]
[SourceVersion "1"]
[SourceVersionDate "2021.10.06"]
[SourceQuality "1"]

1. d4 Nf6 2. c4 d6 3. Nf3 Nbd7 4. Nc3 c6 5. e4 e5 6. Be2 Be7 7. O-O O-O 8. Re1 a5 9. Qc2 exd4 10. Nxd4 d5 11. exd5 cxd5 12. cxd5 Bb4 13. Bf3 Nxd5 14. Nxd5 Bxe1 15. Bf4 Bb4 16. a3 Nf6 17. Bc7 Qd7 18. Nxf6+ gxf6 19. Be4 Qxd4 20. axb4 Re8 21. Bxh7+ Kg7 22. h3 f5 23. Bxf5 Bxf5 24. Qxf5 Re6 25. Ra3 Qd7 26. Rg3+ Kf8 27. Qc5+ Qe7 28. Qc3 Rf6 29. Be5 Re6 30. Bg7+ Ke8 31. bxa5 Rc6 32. Qb3 Rxa5 33. Re3 Re6 34. Rc3 Ra1+ 35. Kh2 Qd6+ 36. g3 Ra8 1-0

[Event "Montreal Mercredi 01"]
[Site "Montreal CAN"]
[Date "2007.01.17"]
[Round "2"]
[White "Messier, Samuel"]
[Black "Katch, Gary"]
[Result "0-1"]
[WhiteElo "1636"]
[BlackElo "1717"]
[PlyCount "98"]
[GameId "2160767910735216"]
[EventDate "2007.01.10"]
[EventType "swiss"]
[EventRounds "5"]
[EventCountry "CAN"]
[SourceTitle "EXT 2022"]
[Source "ChessBase"]
[SourceDate "2021.10.06"]
[SourceVersion "1"]
[SourceVersionDate "2021.10.06"]
[SourceQuality "1"]

1. e4 d5 2. exd5 Nf6 3. Nc3 Nxd5 4. d4 Nc6 5. Bc4 Nb6 6. Bb5 Bd7 7. Nf3 a6 8. Be2 Bg4 9. O-O e6 10. h3 Bh5 11. Bf4 Bd6 12. Bxd6 cxd6 13. d5 exd5 14. Nxd5 O-O 15. b3 Re8 16. Re1 Nxd5 17. Qxd5 Bg6 18. c4 Nb4 19. Qxb7 Nc2 20. Bf1 Nxa1 21. Rxa1 Be4 22. Qb4 Bxf3 23. gxf3 Qg5+ 24. Bg2 Rad8 25. Rd1 Re6 26. Kh1 Rg6 27. Rg1 Qc5 28. Qd2 d5 29. Re1 Re6 30. Rd1 Red6 31. Qg5 h6 32. Qh5 Qxf2 33. cxd5 Qxa2 34. f4 Qxb3 35. f5 a5 36. Qe2 Qa4 37. Qf1 Re8 38. Ra1 Qb4 39. Rb1 Qd2 40. Qg1 Qg5 41. Rb5 Qd2 42. Rb1 a4 43. Ra1 a3 44. Rxa3 Re1 45. Bf1 Qxd5+ 46. Kh2 Qxf5 47. Ra8+ Kh7 48. Ra2 Qf4+ 49. Kg2 Rg6+ 0-1

[Event "Montreal Mercredi 01"]
[Site "Montreal CAN"]
[Date "2007.01.17"]
[Round "2"]
[White "Tremblay, Alain"]
[Black "Plante, Michel"]
[Result "1-0"]
[WhiteElo "2079"]
[BlackElo "1958"]
[PlyCount "75"]
[GameId "2160767910735217"]
[EventDate "2007.01.10"]
[EventType "swiss"]
[EventRounds "5"]
[EventCountry "CAN"]
[SourceTitle "EXT 2022"]
[Source "ChessBase"]
[SourceDate "2021.10.06"]
[SourceVersion "1"]
[SourceVersionDate "2021.10.06"]
[SourceQuality "1"]

1. c4 e6 2. Nf3 d5 3. d4 c6 4. Nc3 Nf6 5. Bg5 dxc4 6. e4 b5 7. e5 h6 8. Bh4 g5 9. Nxg5 hxg5 10. Bxg5 Nbd7 11. exf6 Bb7 12. Qf3 Qa5 13. Bd2 Qa6 14. Be2 O-O-O 15. Ne4 c5 16. dxc5 Nxc5 17. Nxc5 Bxc5 18. Qc3 Bxg2 19. Rg1 Be4 20. Bf4 Bd4 21. Qb4 Bxf6 22. Qc5+ Qc6 23. Qxa7 Bxb2 24. Qb8+ Kd7 25. Rd1+ Bd5 26. Qa7+ Ke8 27. Bg5 Qd7 28. Qe3 Ra8 29. Bf3 Ra3 30. Qb6 f6 31. Qb8+ Qd8 32. Qxb5+ Kf7 33. Bxd5 Bc3+ 34. Kf1 exd5 35. Rxd5 Qe7 36. Rd7 fxg5 37. Rxe7+ Kxe7 38. Qc5+ 1-0

[Event "Montreal Mercredi 01"]
[Site "Montreal CAN"]
[Date "2007.01.24"]
[Round "3"]
[White "Ayotte, Jocelyn"]
[Black "Tremblay, Alain"]
[Result "1-0"]
[WhiteElo "2021"]
[BlackElo "2079"]
[PlyCount "51"]
[GameId "2160767910735218"]
[EventDate "2007.01.10"]
[EventType "swiss"]
[EventRounds "5"]
[EventCountry "CAN"]
[SourceTitle "EXT 2022"]
[Source "ChessBase"]
[SourceDate "2021.10.06"]
[SourceVersion "1"]
[SourceVersionDate "2021.10.06"]
[SourceQuality "1"]

1. d4 d5 2. c4 c6 3. Nc3 Nf6 4. Bg5 Ne4 5. Nxe4 dxe4 6. Bf4 Bf5 7. Qb3 Nd7 8. O-O-O Qb6 9. Qxb6 axb6 10. a3 f6 11. e3 e5 12. Bg3 Ra4 13. Ne2 Be7 14. Nc3 Ra7 15. f3 exf3 16. gxf3 exd4 17. exd4 O-O 18. Bd3 Ra5 19. Rhe1 Bxd3 20. Rxd3 Rf7 21. Rde3 Bf8 22. Re8 f5 23. Bd6 f4 24. Rd8 Nf6 25. Re7 Rxe7 26. Bxe7 1-0

[Event "Montreal Mercredi 01"]
[Site "Montreal CAN"]
[Date "2007.01.24"]
[Round "3"]
[White "Bergeron, Rene"]
[Black "Landry, Martin"]
[Result "1/2-1/2"]
[WhiteElo "1435"]
[BlackElo "1555"]
[PlyCount "96"]
[GameId "2160767910735219"]
[EventDate "2007.01.10"]
[EventType "swiss"]
[EventRounds "5"]
[EventCountry "CAN"]
[SourceTitle "EXT 2022"]
[Source "ChessBase"]
[SourceDate "2021.10.06"]
[SourceVersion "1"]
[SourceVersionDate "2021.10.06"]
[SourceQuality "1"]

1. e4 c5 2. Nf3 d6 3. Bc4 e6 4. c3 Nc6 5. O-O a6 6. d4 cxd4 7. cxd4 Nf6 8. d5 exd5 9. exd5 Na5 10. Re1+ Be7 11. Bf1 O-O 12. Bg5 b5 13. b3 Bg4 14. Qd3 Bxf3 15. Qxf3 Nxd5 16. Bd2 Bf6 17. Nc3 Nxc3 18. Bxc3 Bxc3 19. Qxc3 Rc8 20. Qd2 Qb6 21. Rad1 Rcd8 22. Re3 Nb7 23. Bd3 Nc5 24. Rh3 Nxd3 25. Rxd3 Rfe8 26. g3 Re6 27. h4 h6 28. Qf4 Rf6 29. Qd2 d5 30. Rd4 Rf3 31. Qe2 Qf6 32. Rxd5 Rxd5 33. Rxd5 Rc3 34. Qd2 Qc6 35. Rd8+ Kh7 36. Rd5 Rc1+ 37. Kh2 Rc2 38. Qd3+ g6 39. Qf3 Rxf2+ 40. Qxf2 Qxd5 41. Kh3 Qe6+ 42. Kh2 Kg7 43. Qc2 f5 44. Qc7+ Kf6 45. Qd8+ Qe7 46. Qb6+ Qe6 47. Qd8+ Qe7 48. Qb6+ Qe6 1/2-1/2

[Event "Montreal Mercredi 01"]
[Site "Montreal CAN"]
[Date "2007.01.24"]
[Round "3"]
[White "Forget, Luc"]
[Black "Dominique, Vladimir"]
[Result "1-0"]
[WhiteElo "1943"]
[BlackElo "1826"]
[PlyCount "77"]
[GameId "2160767910735221"]
[EventDate "2007.01.10"]
[EventType "swiss"]
[EventRounds "5"]
[EventCountry "CAN"]
[SourceTitle "EXT 2022"]
[Source "ChessBase"]
[SourceDate "2021.10.06"]
[SourceVersion "1"]
[SourceVersionDate "2021.10.06"]
[SourceQuality "1"]

1. d4 d5 2. c4 c6 3. Nc3 Nf6 4. Nf3 e6 5. e3 Be7 6. Bd3 dxc4 7. Bxc4 b5 8. Bd3 Bb7 9. O-O a6 10. e4 Nbd7 11. e5 Nd5 12. Ne4 c5 13. Bg5 f6 14. exf6 N5xf6 15. Nxf6+ Nxf6 16. dxc5 O-O 17. b4 Nd5 18. Bxe7 Qxe7 19. Re1 Nc3 20. Qd2 Bxf3 21. Qxc3 Qg5 22. g3 Qg4 23. a3 Rf6 24. Qe5 Raf8 25. Be4 Rh6 26. Bxf3 Rxf3 27. Rad1 Rf8 28. Rd7 Rhf6 29. Re2 Qf3 30. Qe3 Qg4 31. Rd6 Rf3 32. Qxe6+ Qxe6 33. Rdxe6 Rxa3 34. Rb6 Ra1+ 35. Kg2 Rb1 36. c6 Rxb4 37. Rc2 Rc4 38. Rxc4 bxc4 39. c7 1-0

[Event "Montreal Mercredi 01"]
[Site "Montreal CAN"]
[Date "2007.01.24"]
[Round "3"]
[White "Katch, Gary"]
[Black "Leitch, Darcy"]
[Result "1/2-1/2"]
[WhiteElo "1717"]
[BlackElo "1620"]
[PlyCount "60"]
[GameId "2160767910735222"]
[EventDate "2007.01.10"]
[EventType "swiss"]
[EventRounds "5"]
[EventCountry "CAN"]
[SourceTitle "EXT 2022"]
[Source "ChessBase"]
[SourceDate "2021.10.06"]
[SourceVersion "1"]
[SourceVersionDate "2021.10.06"]
[SourceQuality "1"]

1. e4 c5 2. c3 Nf6 3. e5 Nd5 4. d4 e6 5. Nf3 Nc6 6. Bc4 Nb6 7. Bb3 Qc7 8. O-O cxd4 9. cxd4 Na5 10. Nc3 Nxb3 11. Qxb3 d5 12. Bg5 Bd7 13. Rfc1 Qc4 14. Qd1 h6 15. Be3 Be7 16. Nd2 Qa6 17. Qg4 Kf8 18. Ne2 h5 19. Qf3 Bb5 20. Nf4 Ke8 21. Nh3 Rd8 22. Bg5 Be2 23. Qg3 f6 24. exf6 gxf6 25. Bf4 Qd3 26. Be3 Bd6 27. Qg7 Qh7 28. Qxf6 Bg4 29. Ng5 Qg8 30. Re1 Nd7 1/2-1/2

[Event "Montreal Mercredi 01"]
[Site "Montreal CAN"]
[Date "2007.01.24"]
[Round "3"]
[White "Millette, Sylvain"]
[Black "Messier, Samuel"]
[Result "1/2-1/2"]
[WhiteElo "1586"]
[BlackElo "1636"]
[PlyCount "69"]
[GameId "2160767910735224"]
[EventDate "2007.01.10"]
[EventType "swiss"]
[EventRounds "5"]
[EventCountry "CAN"]
[SourceTitle "EXT 2022"]
[Source "ChessBase"]
[SourceDate "2021.10.06"]
[SourceVersion "1"]
[SourceVersionDate "2021.10.06"]
[SourceQuality "1"]

1. Nf3 Nf6 2. g3 d5 3. Bg2 c6 4. O-O Bg4 5. d4 e6 6. Bg5 h6 7. Bxf6 Qxf6 8. Nbd2 Nd7 9. e4 Bxf3 10. Nxf3 dxe4 11. Nd2 Qxd4 12. c3 Qb6 13. Nxe4 Qc7 14. Qd4 Qe5 15. Rad1 Qxd4 16. Rxd4 Be7 17. Rfd1 Nb6 18. Nd6+ Bxd6 19. Rxd6 O-O 20. b3 Nd5 21. c4 Nc3 22. R1d2 Rfe8 23. R6d3 Nb1 24. Rd1 Na3 25. Rd7 Rab8 26. Rc7 Rec8 27. Rxc8+ Rxc8 28. Rd7 Rb8 29. Be4 a5 30. Bd3 Kf8 31. Kf1 b5 32. cxb5 Nxb5 33. Bxb5 Rxb5 34. Rc7 Rc5 35. a3 1/2-1/2

[Event "Montreal Mercredi 01"]
[Site "Montreal CAN"]
[Date "2007.01.24"]
[Round "3"]
[White "Plante, Michel"]
[Black "Menard, Dominic"]
[Result "1-0"]
[WhiteElo "1958"]
[BlackElo "2020"]
[PlyCount "57"]
[GameId "2160767910735225"]
[EventDate "2007.01.10"]
[EventType "swiss"]
[EventRounds "5"]
[EventCountry "CAN"]
[SourceTitle "EXT 2022"]
[Source "ChessBase"]
[SourceDate "2021.10.06"]
[SourceVersion "1"]
[SourceVersionDate "2021.10.06"]
[SourceQuality "1"]

1. d4 d5 2. Nf3 e6 3. e3 Nf6 4. Nbd2 Nbd7 5. Bd3 c5 6. c3 Bd6 7. O-O O-O 8. Re1 Qc7 9. e4 cxd4 10. cxd4 dxe4 11. Nxe4 Nxe4 12. Rxe4 e5 13. dxe5 Nxe5 14. Nxe5 Bxe5 15. Qh5 f5 16. Bc4+ Kh8 17. Rh4 g6 18. Qxg6 b5 19. Bh6 bxc4 20. Bxf8 Bxb2 21. Re1 Be6 22. Bd6 Qf7 23. Qxe6 Qxe6 24. Rxe6 c3 25. Be5+ Kg8 26. g4 Rc8 27. gxf5 Ba3 28. Rg4+ Kf8 29. Rf6+ 1-0

[Event "Montreal Mercredi 01"]
[Site "Montreal CAN"]
[Date "2007.01.24"]
[Round "3"]
[White "Pregent, Daniel"]
[Black "Gadbois, Patrick"]
[Result "1-0"]
[WhiteElo "1757"]
[BlackElo "1916"]
[PlyCount "89"]
[GameId "2160767910735226"]
[EventDate "2007.01.10"]
[EventType "swiss"]
[EventRounds "5"]
[EventCountry "CAN"]
[SourceTitle "EXT 2022"]
[Source "ChessBase"]
[SourceDate "2021.10.06"]
[SourceVersion "1"]
[SourceVersionDate "2021.10.06"]
[SourceQuality "1"]

1. d4 d5 2. c4 c6 3. Nf3 Nf6 4. Nc3 e6 5. e3 Bd6 6. Qc2 Nbd7 7. Bd2 O-O 8. Bd3 a6 9. O-O e5 10. dxe5 Nxe5 11. Nxe5 Bxe5 12. f4 Bc7 13. cxd5 cxd5 14. Ne2 Bb6 15. Qb3 Ne4 16. Bxe4 dxe4 17. Rad1 Qf6 18. Kh1 Bg4 19. Rfe1 Rfd8 20. Bc3 Qc6 21. Rxd8+ Rxd8 22. Nd4 Bxd4 23. Bxd4 Be6 24. Qa3 Rc8 25. Bc3 Qd7 26. Qa5 f6 27. a3 Bc4 28. Qh5 Bf7 29. Qh4 Rd8 30. Qg3 Qf5 31. Bd4 Rc8 32. Rd1 Bb3 33. Rg1 Rc2 34. Qe1 Bc4 35. Qb4 h5 36. Qxb7 Qg4 37. Qa8+ Kf7 38. Qxe4 Rf2 39. b3 Be2 40. Qd5+ Kg6 41. Bb6 Kh6 42. e4 Rxg2 43. Rxg2 Qf3 44. Qf5 Qf1+ 45. Bg1 1-0

[Event "Montreal Mercredi 01"]
[Site "Montreal CAN"]
[Date "2007.01.24"]
[Round "3"]
[White "Savard, Alain"]
[Black "Gauthier, Luc"]
[Result "0-1"]
[WhiteElo "1559"]
[BlackElo "1684"]
[PlyCount "46"]
[GameId "2160767910735227"]
[EventDate "2007.01.10"]
[EventType "swiss"]
[EventRounds "5"]
[EventCountry "CAN"]
[SourceTitle "EXT 2022"]
[Source "ChessBase"]
[SourceDate "2021.10.06"]
[SourceVersion "1"]
[SourceVersionDate "2021.10.06"]
[SourceQuality "1"]

1. e4 Nf6 2. e5 Nd5 3. c4 Nb6 4. Nc3 d6 5. exd6 exd6 6. Nf3 Be7 7. d4 O-O 8. Bd3 Bf6 9. Qc2 Re8+ 10. Ne2 h6 11. Be3 Nc6 12. Qd2 d5 13. b3 Bg4 14. c5 Nd7 15. Rc1 Bxf3 16. gxf3 Nxd4 17. Nxd4 Bxd4 18. Bh7+ Kxh7 19. Qd3+ Kg8 20. Qxd4 Ne5 21. Ke2 Nc6 22. Qg4 d4 23. Rhg1 Qf6 0-1

[Event "Montreal Mercredi 01"]
[Site "Montreal CAN"]
[Date "2007.01.24"]
[Round "3"]
[White "Shahabi, Shahab"]
[Black "Chagnon, Francois"]
[Result "1-0"]
[WhiteElo "1455"]
[BlackElo "1441"]
[PlyCount "57"]
[GameId "2160767910735228"]
[EventDate "2007.01.10"]
[EventType "swiss"]
[EventRounds "5"]
[EventCountry "CAN"]
[SourceTitle "EXT 2022"]
[Source "ChessBase"]
[SourceDate "2021.10.06"]
[SourceVersion "1"]
[SourceVersionDate "2021.10.06"]
[SourceQuality "1"]

1. e4 c5 2. Nf3 d6 3. d4 cxd4 4. Nxd4 Nf6 5. Nc3 a6 6. Bd3 Qb6 7. O-O Qxd4 8. Bb5+ axb5 9. Qxd4 Nc6 10. Qd1 b4 11. Nd5 Nxd5 12. exd5 Ne5 13. Bf4 Nd7 14. Bd2 g6 15. Bxb4 Bg7 16. c3 O-O 17. Re1 Bf6 18. Qb3 b6 19. a4 Ba6 20. a5 bxa5 21. Rxa5 Rfb8 22. Rea1 Nc5 23. Qd1 Rb6 24. Bxc5 dxc5 25. Rxc5 Rxb2 26. Rc6 Bxc3 27. Rxc3 Rab8 28. Rxa6 Rb1 29. Rc1 1-0

[Event "Montreal Mercredi 01"]
[Site "Montreal CAN"]
[Date "2007.01.24"]
[Round "3"]
[White "Sonn, Eric"]
[Black "Cote, Philippe"]
[Result "1/2-1/2"]
[WhiteElo "1534"]
[BlackElo "1467"]
[PlyCount "93"]
[GameId "2160767910735229"]
[EventDate "2007.01.10"]
[EventType "swiss"]
[EventRounds "5"]
[EventCountry "CAN"]
[SourceTitle "EXT 2022"]
[Source "ChessBase"]
[SourceDate "2021.10.06"]
[SourceVersion "1"]
[SourceVersionDate "2021.10.06"]
[SourceQuality "1"]

1. e4 d6 2. d4 Nf6 3. Nc3 g6 4. f3 c6 5. Be3 b5 6. Qd2 Nbd7 7. g4 Nb6 8. Bh6 Nc4 9. Bxc4 bxc4 10. Nge2 Rb8 11. Rb1 Bxh6 12. Qxh6 e5 13. O-O Ke7 14. Rfd1 Qc7 15. Qe3 h5 16. dxe5 dxe5 17. Qc5+ Ke8 18. Rd6 Nd7 19. Rxc6 Qd8 20. Qf2 hxg4 21. fxg4 Qg5 22. Qf3 Nb6 23. Rf1 Qxg4+ 24. Qxg4 Bxg4 25. Rc7 Be6 26. Rxa7 Nc8 27. Ra5 Rxb2 28. Rxe5 Rxc2 29. a4 Rh3 30. a5 Rcxc3 31. Nxc3 Rxc3 32. Ra1 Rb3 33. a6 Na7 34. Rc5 Kd7 35. Rd1+ Rd3 36. Rb1 Kd6 37. Ra5 Rb3 38. Rd1+ Kc6 39. h4 Rb5 40. Raa1 c3 41. Kf2 Rb2+ 42. Kg3 Kb5 43. Rdb1 Rxb1 44. Rxb1+ Kxa6 45. Kf4 Nb5 46. Ke3 Kb6 47. Kd3 1/2-1/2

[Event "Montreal Mercredi 01"]
[Site "Montreal CAN"]
[Date "2007.01.31"]
[Round "4"]
[White "Cote, Philippe"]
[Black "Chagnon, Francois"]
[Result "1/2-1/2"]
[WhiteElo "1467"]
[BlackElo "1441"]
[PlyCount "83"]
[GameId "2160767910735230"]
[EventDate "2007.01.10"]
[EventType "swiss"]
[EventRounds "5"]
[EventCountry "CAN"]
[SourceTitle "EXT 2022"]
[Source "ChessBase"]
[SourceDate "2021.10.06"]
[SourceVersion "1"]
[SourceVersionDate "2021.10.06"]
[SourceQuality "1"]

1. e4 c5 2. b4 b6 3. Nf3 Bb7 4. e5 Nc6 5. bxc5 bxc5 6. c3 d5 7. d4 e6 8. Bd3 cxd4 9. cxd4 Bb4+ 10. Bd2 Bxd2+ 11. Qxd2 Nge7 12. Nc3 Qa5 13. Rb1 Ba6 14. Nb5 Qxd2+ 15. Kxd2 Bxb5 16. Bxb5 O-O 17. Rhc1 Rab8 18. Bxc6 Rxb1 19. Rxb1 Nxc6 20. Rb7 Rc8 21. Kd3 a5 22. a3 h6 23. Nd2 a4 24. Nb1 Na5 25. Ra7 Nc4 26. Rb7 Na5 27. Rb4 Nc4 28. Ke2 Ra8 29. Nc3 Nxa3 30. Rxa4 Rxa4 31. Nxa4 Kf8 32. f4 g6 33. Nc5 Ke7 34. g4 Nc4 35. h4 h5 36. g5 Nb6 37. Kf3 Nd7 38. Nb7 Nb8 39. Ke3 Nc6 40. Nd6 Kf8 41. Kd3 Ne7 42. Kc3 1/2-1/2

[Event "Montreal Mercredi 01"]
[Site "Montreal CAN"]
[Date "2007.01.31"]
[Round "4"]
[White "Courval, Francois"]
[Black "Forget, Luc"]
[Result "1/2-1/2"]
[WhiteElo "1898"]
[BlackElo "1943"]
[PlyCount "82"]
[GameId "2160767910735231"]
[EventDate "2007.01.10"]
[EventType "swiss"]
[EventRounds "5"]
[EventCountry "CAN"]
[SourceTitle "EXT 2022"]
[Source "ChessBase"]
[SourceDate "2021.10.06"]
[SourceVersion "1"]
[SourceVersionDate "2021.10.06"]
[SourceQuality "1"]

1. e4 e6 2. d4 d5 3. e5 c5 4. c3 Qb6 5. Nf3 Nc6 6. a3 c4 7. Be2 f6 8. O-O Bd7 9. Nbd2 fxe5 10. Nxe5 Nxe5 11. dxe5 Bc5 12. b4 cxb3 13. Qxb3 Ne7 14. a4 O-O 15. Qxb6 axb6 16. Bd1 Ng6 17. Nf3 Nf4 18. Be3 Bxe3 19. fxe3 Nd3 20. Be2 Nc5 21. Bb5 Bxb5 22. axb5 Ra5 23. Nd4 Rxf1+ 24. Rxf1 Ra3 25. Rc1 Kf7 26. c4 dxc4 27. Rxc4 Rxe3 28. Nf3 h6 29. Rf4+ Ke7 30. Nh4 Re1+ 31. Rf1 Rxf1+ 32. Kxf1 g5 33. Nf3 g4 34. Nd2 Kf7 35. Ke2 Kg6 36. Ke3 Kf5 37. Kd4 Kf4 38. g3+ Kf5 39. Nc4 Nb3+ 40. Kc3 Nc5 41. Kd4 Nb3+ 1/2-1/2

[Event "Montreal Mercredi 01"]
[Site "Montreal CAN"]
[Date "2007.01.31"]
[Round "4"]
[White "Gadbois, Patrick"]
[Black "Dominique, Vladimir"]
[Result "1/2-1/2"]
[WhiteElo "1916"]
[BlackElo "1826"]
[PlyCount "93"]
[GameId "2160767910735232"]
[EventDate "2007.01.10"]
[EventType "swiss"]
[EventRounds "5"]
[EventCountry "CAN"]
[SourceTitle "EXT 2022"]
[Source "ChessBase"]
[SourceDate "2021.10.06"]
[SourceVersion "1"]
[SourceVersionDate "2021.10.06"]
[SourceQuality "1"]

1. d4 d5 2. Nf3 Nf6 3. e3 c6 4. Bd3 Nbd7 5. b3 e6 6. Nbd2 Bb4 7. O-O O-O 8. Bb2 Qa5 9. c4 Bc3 10. Qc2 Bxb2 11. Qxb2 Re8 12. e4 dxe4 13. Nxe4 Nxe4 14. Bxe4 Nf6 15. Bd3 c5 16. dxc5 Qxc5 17. Rad1 b6 18. Qd4 Qc7 19. Ng5 Bb7 20. Qh4 h6 21. Nh3 Rad8 22. f3 Rd7 23. Qf2 Red8 24. Bc2 Qe5 25. Rxd7 Rxd7 26. Rd1 Qc3 27. Qe2 Rd4 28. Rxd4 Qxd4+ 29. Nf2 Kf8 30. Qd1 Qxd1+ 31. Nxd1 Ke7 32. Kf2 Kd6 33. Ke3 Bc6 34. Nc3 Kc5 35. Be4 Nxe4 36. Nxe4+ Bxe4 37. Kxe4 f6 38. a3 a5 39. h4 g6 40. Kd3 Kc6 41. b4 axb4 42. axb4 Kd6 43. f4 h5 44. Kd4 Kc6 45. Ke4 Kd6 46. Kd4 Kc6 47. Ke4 1/2-1/2

[Event "Montreal Mercredi 01"]
[Site "Montreal CAN"]
[Date "2007.01.31"]
[Round "4"]
[White "Katch, Gary"]
[Black "Millette, Sylvain"]
[Result "1-0"]
[WhiteElo "1717"]
[BlackElo "1586"]
[PlyCount "53"]
[GameId "2160767910735233"]
[EventDate "2007.01.10"]
[EventType "swiss"]
[EventRounds "5"]
[EventCountry "CAN"]
[SourceTitle "EXT 2022"]
[Source "ChessBase"]
[SourceDate "2021.10.06"]
[SourceVersion "1"]
[SourceVersionDate "2021.10.06"]
[SourceQuality "1"]

1. e4 Nf6 2. Nc3 d5 3. exd5 Nxd5 4. Nf3 Nxc3 5. bxc3 Bg4 6. Bc4 e6 7. O-O Bd6 8. d4 Qf6 9. Be2 Bxf3 10. Bxf3 c6 11. Rb1 Qe7 12. Re1 Qc7 13. g3 O-O 14. Qd3 Nd7 15. Re4 Nf6 16. Rh4 g6 17. c4 Rfd8 18. Bg5 Be7 19. Qe3 Ne8 20. c5 Ng7 21. Bxe7 Qxe7 22. Qh6 Kf8 23. Qxh7 Qf6 24. Qh8+ Ke7 25. Rxb7+ Rd7 26. Rxd7+ Kxd7 27. Bxc6+ 1-0